Statistics for Taylor Swift - Tim McGraw Lyrics

Click here to take the quiz!

General Stats

  • This quiz has been taken 69 times
    (63 since last reset)
  • The average score is 337 of 366

Answer Stats

Answer% Correct
a
100%
blue
100%
But
100%
He
100%
my
100%
that
100%
That
100%
the
100%
The
100%
Tim
100%
you
100%
your
100%
all
96%
And
96%
eyes
96%
faded
96%
hope
96%
I
96%
in
96%
jeans
96%
McGraw
96%
me
96%
night
96%
of
96%
old
96%
said
96%
shined
96%
then
96%
Think
96%
think
96%
way
96%
we
96%
when
96%
When
96%
chest
93%
Chevy
93%
danced
93%
favorite
93%
Georgia
93%
head
93%
Just
93%
long
93%
On
93%
on
93%
one
93%
song
93%
those
93%
to
93%
To
93%
truck
93%
black
89%
boy
89%
dress
89%
happiness
89%
lake
89%
lie"
89%
like
89%
little
89%
moon
89%
spotlight
89%
stars
89%
"That's
89%
it
86%
radio
86%
shame
86%
tendency
86%
back
82%
gettin'
82%
gone
82%
had
82%
I'm
82%
Oh
82%
Put
82%
right
82%
stuck
82%
summer
82%
there
82%
turn
82%
at
79%
believe
79%
him
79%
it's
79%
It's
79%
place
79%
street
79%
takes
79%
time
79%
was
79%
bed
75%
beneath
75%
beside
75%
bittersweet
75%
box
75%
doorstep
75%
find
75%
first
75%
hard
75%
Is
75%
letter
75%
month
75%
never
75%
nice
75%
not
75%
read
75%
see
75%
September
75%
tears
75%
there's
75%
up
75%
woke
75%
you'll
75%
for
71%
From
71%
here
71%
left
71%
lookin'
71%
saw
71%
since
71%
standin'
71%
summers
71%
thing
71%
three
71%
weren't
71%
backroads
68%
God
68%
Someday
68%
thankin'
64%
mm
57%

Score Distribution

Percentile by Number Answered

Percent of People with Each Score

Your Score History

You have not taken this quiz since the last reset